000 01055nam a2200361Ia 4500
001 dia_6203
003 CHAP
005 20230323113005.0
008 220117s2006 xx 000 0 und d
010 _a177419
020 _a84-87729-54-1
040 _cCHAP
082 _a635.643 P56 2006
245 _aPimientos /
_c coordinación Alicia Namesny Vallespir
260 _aEspaña :
_b Horticultura,
_c2006
300 _a254 p.
440 _aCompendios de horticultura ; 16
_9161130
503 _aC/e
504 _aIncluye bibliografías
590 _aSB351.P4 P56 2006
650 _aCapsicum
_9161131
650 0 _aHot peppers
_9161132
650 _aPeppers
_9161133
650 _aPimientas
_9161134
650 _aPimientos dulces
_9161135
650 0 _aPimientos picantes
_9161136
650 _aSweet peppers
_9161137
700 _aNamesny Vallespir, Alicia, coord.
_9161138
901 _a635.643 P56 2006
902 _aA
905 _a5232272006 sp dn 8222223322spa16
942 _cLIBRO
_2ddc
999 _c177419
_d177419